000 01358nam a22002417a 4500
003 BJBSDDR
005 20260515160650.0
006 a|||||r|||| 00| 0
007 ta
008 260515s20252024nyu|||||r|||| 00| 0 eng d
020 _a9781250397676
040 _bspa
_cBJBSDDR
041 _aeng
050 _bB959m 2025
100 1 _aBurkeman, Oliver,
_d1975-
_934186
245 1 0 _aMeditations for mortals :
_bfour weeks to embrace your limitations and finally make time for what counts /
_cOliver Burkeman.
250 _aFirst paperback edition
260 _aNew York :
_bPicador,
_c2025.
300 _axxxvi, 177 pages ;
_c21 cm
520 _aAddressing the fundamental questions about how to live, it offers a powerful new way to take action on what counts: a guiding philosophy of life Oliver Burkeman calls 'imperfectionism'. How can we embrace our non-negotiable limitations? Or make good decisions when there's always too much to do? What if purposeful productivity were often about letting things happen, not making them happen?Reflecting on ideas drawn from philosophy, religion, literature, psychology, and self-help, Burkeman explores practical tools and shifts in perspective. The result is a bracing challenge to much familiar advice, and a profound yet entertaining crash course in living more fully
942 _2lcc
_n0
_cBK
946 _illh
999 _c127112
_d127112